[Event "San Francisco TNM Winter op"]
[Site "San Francisco"]
[Date "2011.01.11"]
[Round "2"]
[White "Kristofurov, Sergey"]
[Black "Standen, Julian"]
[Result "1-0"]
[WhiteElo "2026"]
[BlackElo "1706"]
[PlyCount "53"]
[EventDate "2011.01.04"]
[EventType "swiss"]
[EventRounds "8"]
[EventCountry "USA"]
[SourceTitle "EXT 2012"]
[Source "ChessBase"]
[SourceDate "2011.11.24"]
[SourceVersion "1"]
[SourceVersionDate "2011.11.24"]
[SourceQuality "1"]

1. d4 d5 2. c4 c6 3. Nf3 Nf6 4. Nc3 a6 5. cxd5 cxd5 6. Bf4 Nc6 7. e3 e6 8. Rc1 Be7 9. Bd3 0-0 10. h3 Bd7 11. 0-0 Rc8 12. Ne5 Nxe5 13. Bxe5 Bc6 14. Qc2 g6 15. a3 b5 16. a4 Qb6 17. axb5 Bxb5 18. Qb3 Nd7 19. Bxb5 Nxe5 20. dxe5 Rb8 21. Rc2 axb5 22. Ne2 Rfc8 23. Rfc1 Rxc2 24. Rxc2 b4 25. Nd4 Kg7 26. Rc6 Qd8 27. Rxe6 1-0